000 00463nam a2200181Ia 4500
005 20240823040943.0
008 240823s9999||||xx |||||||||||||| ||und||
041 _aENGLISH
082 _A658.4034 N3
100 _aKanti Swarup [et al]
245 0 _aIntroduction to Operations Research
250 _a2nd
260 _c1993
_b"S Chand,New Delhi"
500 _aTRANSFERED
650 _aOperation Research
_bManagement Studies
942 _cBK
999 _c204343
_d204343